• 首页
  • 本馆介绍
  • 公告通知
  • 最新文献
  • 馆藏检索
  • 电子资源
  • 读者导购
  • 参考咨询
  • 我的图书馆
  • 登录
  • 详细信息显示
  • 放入我的书架
  • 预约/预借图书
  • 作者相关作品
  • 分类相关作品
  • 丛书相关作品
  • 出版社相关作品

书目信息

  • 表格格式
  • 工作单格式
  • 卡片格式
题名:
AP/CLEP in English Analysis and Interpretation of Literature
    
 
作者: James W.Morrison
分册:  
出版信息: 美国   Arco Publishing Company,inc  1987
页数: 478页
开本: 29cm
丛书名:
单 册:
中图分类: Z1
科图分类:
主题词: 丛书
电子资源:
ISBN: 0-668-04406-3
000 00513nam0 2200181 450
001 0755227312
005 20241128151435.42
010    @a0-668-04406-3@d¥3.10
100    @a20070828d km y0chiy0120 ea
101 0  @achi
200 1  @aAP/CLEP in English Analysis and Interpretation of Literature@fJames W.Morrison
210    @a美国@cArco Publishing Company,inc@d1987
215    @a478页@d29cm
606 0  @a丛书
690    @aZ1@v3
701  0 @aJames W.Morrison
801  0 @aCN@bPFT@c20070828
905    @a213230@dZ1@eW3@f1
    
    AP/CLEP in English Analysis and Interpretation of Literature/James W.Morrison.-美国:Arco Publishing Company,inc,1987
    478页;29cm
    
    
    ISBN 0-668-04406-3:¥3.10
    
●
相关链接 在E读中查询图书 在五车中查询图书 在当当中查询图书 在豆瓣中查询图书


正题名:AP/CLEP in English Analysis and Interpretation of Literature     索取号:Z1/W3         预约/预借

序号 登录号 条形码 馆藏地/架位号 状态 备注
1 0706230   207062300   密集书库—外国语学院/ [索取号:Z1/W3] 在馆    
2 0706231   207062319   密集书库—外国语学院/ [索取号:Z1/W3] 在馆    
3 0706232   207062328   密集书库—外国语学院/ [索取号:Z1/W3] 在馆    
4 0706233   207062337   密集书库—外国语学院/ [索取号:Z1/W3] 在馆    
5 0706234   207062346   密集书库—外国语学院/ [索取号:Z1/W3] 在馆    
唐山师范学院图书馆 欢迎您!
大连网信软件有限公司© 版权所有